[Event "Varna"]
[Site "?"]
[Date "1987.??.??"]
[Round "?"]
[White "Ivanchuk, V."]
[Black "Angelov, K."]
[Result "1-0"]
[WhiteElo "2480"]
[BlackElo "2380"]
[PlyCount "57"]
[EventDate "1987.??.??"]
[Source "ChessBase"]
[SourceDate "1987.07.01"]

1. e4 d5 2. exd5 Qxd5 3. Nc3 Qa5 4. d4 e5 5. dxe5 Nc6 6. Nf3 Bb4 7. Bd2 Bg4 8. a3 Nd4 9. Bb5+ c6 10. O-O Bxf3 11. axb4 Bxd1 12. bxa5 Bxc2 13. Ba4 Ne7 14. Bxc2 Nxc2 15. Ra4 Rd8 16. Ne4 Nf5 17. g4 Nfd4 18. Nd6+ Ke7 19. Bc3 c5 20. Nxb7 Rd5 21. Rc4 h5 22. Rxc5 Rxc5 23. Nxc5 hxg4 24. Kg2 Nf3 25. Rd1 Rxh2+ 26. Kg3 Ke8 27. Ne4 Rh6 28. Kxg4 Nh4 29. Rc1 1-0

[Event "Biel Credis"]
[Site "Biel"]
[Date "1996.??.??"]
[Round "9"]
[White "Landenbergue, Claude"]
[Black "Casagrande, Harald"]
[Result "1/2-1/2"]
[WhiteElo "2410"]
[BlackElo "2365"]
[PlyCount "144"]
[EventDate "1996.07.22"]
[Source "ChessBase"]

1. e4 d5 2. exd5 Qxd5 3. Nc3 Qa5 4. d4 e5 5. dxe5 Bb4 6. Nf3 Bg4 7. Bd2 Nc6 8. a3 Nd4 9. Be2 Bxf3 10. Bxf3 Qxe5+ 11. Kf1 Bxc3 12. Bxc3 O-O-O 13. Bxd4 Rxd4 14. Qe2 Qf6 15. c3 Rd6 16. g3 Ne7 17. Kg2 h5 18. h4 Re6 19. Qd2 Rd8 20. Bxb7+ Kxb7 21. Qxd8 Rd6 22. Qe8 Rd2 23. Qb5+ Kc8 24. Qc5 Nc6 25. Qe3 Ne5 26. Rhe1 Rxb2 27. Rad1 Qc6+ 28. Qe4 Qxe4+ 29. Rxe4 Ng4 30. Re8+ Kb7 31. Rf1 Kc6 32. Kg1 Rb3 33. Re7 Nh6 34. Rd1 Rxc3 35. a4 g6 36. Ree1 Nf5 37. Rc1 Rxc1 38. Rxc1+ Kb6 39. a5+ Kb7 40. Kg2 Nd4 41. f3 Ne6 42. Kf2 c5 43. Ke3 Kc6 44. Ke4 Nd4 45. Rb1 Ne2 46. Ke5 c4 47. Rb2 Nxg3 48. Kd4 Nf5+ 49. Kxc4 Nxh4 50. f4 Nf5 51. Kd3 Nd6 52. Kd4 f6 53. Rc2+ Kb5 54. Kd5 Nf5 55. Rb2+ Kxa5 56. Ke6 h4 57. Kxf6 h3 58. Rh2 Kb4 59. Kxg6 Ne3 60. f5 Nd5 61. f6 Nxf6 62. Kxf6 a5 63. Ke5 a4 64. Kd5 a3 65. Kd4 Kb3 66. Rxh3+ Kb2 67. Rh2+ Kb3 68. Rh3+ Kb2 69. Kc4 a2 70. Rh2+ Ka3 71. Rh1 Kb2 72. Kb4 a1=Q 1/2-1/2

[Event "Baku (Azerbaijan)"]
[Site "?"]
[Date "2003.??.??"]
[Round "?"]
[White "Badalov Samir"]
[Black "Abbasov Farid"]
[Result "1/2-1/2"]
[WhiteElo "2287"]
[BlackElo "2476"]
[PlyCount "47"]
[EventDate "2003.??.??"]
[Source "www.chesslib.no"]
[SourceDate "2004.05.04"]

1. e4 d5 2. exd5 Qxd5 3. Nc3 Qa5 4. d4 e5 5. Nf3 Bg4 6. dxe5 Bb4 7. Bd2 Nc6 8. Bb5 O-O-O 9. Bxc6 bxc6 10. Qe2 Bxf3 11. gxf3 Nf6 12. O-O-O Rxd2 13. Rxd2 Bxc3 14. bxc3 Qxa2 15. Rd4 c5 16. Rdd1 Nd5 17. Qd3 Rd8 18. c4 Qa1+ 19. Kd2 Qa5+ 20. Kc1 Qa1+ 21. Kd2 Qxe5 22. Kc1 Qa1+ 23. Kd2 Qa5+ 24. Kc1 1/2-1/2

[Event "AUT-ch"]
[Site "Vienna"]
[Date "1999.08.21"]
[Round "15"]
[White "Wach, Markus"]
[Black "Casagrande, Harald"]
[Result "1-0"]
[WhiteElo "2403"]
[BlackElo "2360"]
[PlyCount "43"]
[EventDate "1999.10.07"]
[Source "ChessBase"]
[SourceDate "2000.01.11"]

1. e4 d5 2. exd5 Qxd5 3. Nc3 Qa5 4. d4 e5 5. Nf3 Bg4 6. Be2 Bb4 7. O-O Nc6 8. Nxe5 Bxe2 9. Qxe2 Nxe5 10. Bd2 Ne7 11. dxe5 O-O-O 12. a3 Bxc3 13. Qg4+ Kb8 14. Bxc3 Qa6 15. Rad1 Nd5 16. Qxg7 Qe6 17. Qg3 Rhg8 18. Qf3 c6 19. Rfe1 Rg5 20. Bd2 Rxe5 21. Rxe5 Qxe5 22. c4 1-0

[Event "AUT-ch"]
[Site "Moesern"]
[Date "1997.08.05"]
[Round "5"]
[White "Mahdi, Khaled"]
[Black "Casagrande, Harald"]
[Result "1/2-1/2"]
[WhiteElo "2400"]
[BlackElo "2345"]
[PlyCount "71"]
[EventDate "1997.08.??"]
[Source "ChessBase"]
[SourceDate "1997.09.26"]

1. e4 d5 2. exd5 Qxd5 3. Nc3 Qa5 4. d4 e5 5. dxe5 Bb4 6. Nf3 Bg4 7. Be2 Nc6 8. O-O Bxc3 9. bxc3 Nge7 10. e6 Bxe6 11. Ng5 Bf5 12. Rb1 Rd8 13. Qe1 O-O 14. Rxb7 h6 15. Nf3 Rfe8 16. c4 Qxa2 17. Bb2 Be4 18. Qc3 Nf5 19. Rb5 Ncd4 20. Nxd4 Nxd4 21. Bd1 Qa6 22. Qg3 Rd6 23. Bxd4 Rxd4 24. Qxc7 Qg6 25. g3 Qf6 26. Rb8 Rxb8 27. Qxb8+ Kh7 28. Be2 Bxc2 29. Rc1 Be4 30. Qxa7 Bc6 31. f3 g5 32. Qa3 Qe5 33. Kf2 g4 34. Qe3 Qf6 35. Rd1 Rxd1 36. Bxd1 1/2-1/2

[Event "Prague Vysehrad"]
[Site "Prague CZE"]
[Date "1989.??.??"]
[Round "9"]
[White "David, Pavel"]
[Black "Netusil, Miroslav"]
[Result "1-0"]
[WhiteElo "2425"]
[BlackElo "2320"]
[PlyCount "81"]
[EventDate "1989.??.??"]
[Source "www.chesslib.no"]
[SourceDate "2004.05.04"]

1. e4 d5 2. exd5 Qxd5 3. Nc3 Qa5 4. d4 e5 5. Nf3 exd4 6. Nxd4 Bb4 7. Bd2 Qe5+ 8. Qe2 Qxe2+ 9. Bxe2 Ne7 10. O-O-O O-O 11. Ncb5 Bxd2+ 12. Rxd2 Na6 13. Bf3 c6 14. Nd6 Rd8 15. Nb3 Nb4 16. Rhd1 Nbd5 17. Ne4 Rf8 18. c4 Nb6 19. Na5 Ng6 20. b3 Rb8 21. Rd8 Ne5 22. Nc5 Nxf3 23. gxf3 f6 24. Rxf8+ Kxf8 25. Rd8+ Ke7 26. Rh8 h6 27. Ncxb7 Rxb7 28. Rxc8 Nxc8 29. Nxb7 Ke6 30. Kd2 Ne7 31. Nc5+ Ke5 32. Nd3+ Kd4 33. Nf4 Nf5 34. Ne2+ Ke5 35. Kd3 g5 36. b4 h5 37. a4 a6 38. a5 Kd6 39. Nc3 Nh4 40. Ne4+ Ke5 41. b5 1-0

[Event "Tula Club-ch op"]
[Site "?"]
[Date "2000.??.??"]
[Round "5"]
[White "Sharapov Evgeny"]
[Black "Gavritenkov Sergei"]
[Result "1-0"]
[WhiteElo "2387"]
[BlackElo "2350"]
[PlyCount "107"]
[EventDate "2000.??.??"]
[Source "www.chesslib.no"]
[SourceDate "2004.05.04"]

1. e4 d5 2. exd5 Qxd5 3. Nc3 Qa5 4. d4 e5 5. dxe5 Qxe5+ 6. Be2 Bb4 7. Nf3 Bxc3+ 8. bxc3 Qxc3+ 9. Bd2 Qc5 10. Rb1 Nc6 11. O-O Qd6 12. Bd3 Nge7 13. Ng5 h6 14. Ne4 Qd8 15. Qh5 Qd5 16. Qxd5 Nxd5 17. c4 Ne5 18. cxd5 Nxd3 19. Rb3 Ne5 20. Bf4 f6 21. Rc1 Kd8 22. Rbc3 Re8 23. Rxc7 Nd3 24. Nd6 Re1+ 25. Rxe1 Kxc7 26. Re7+ Kd8 27. Re8+ Kd7 28. Bg3 f5 29. Re3 f4 30. Rxd3 fxg3 31. Nf5 gxf2+ 32. Kxf2 b6 33. Rg3 g5 34. Nxh6 Bb7 35. Rxg5 Rf8+ 36. Ke3 Kd6 37. Ke4 Rf2 38. Nf5+ Kc5 39. Ne3 Rxa2 40. Rg7 Ba8 41. Ke5 Bxd5 42. Nxd5 Re2+ 43. Kf6 Kxd5 44. h4 Rf2+ 45. Ke7 Re2+ 46. Kf8 Rf2+ 47. Kg8 b5 48. h5 b4 49. h6 b3 50. h7 b2 51. Rg5+ Kc6 52. h8=Q b1=Q 53. Qc3+ Kb7 54. Rg7+ 1-0

[Event "EU-ch U20"]
[Site "Baku"]
[Date "2002.07.21"]
[Round "8"]
[White "Mamedov, Nidjat"]
[Black "Gashimov, Sarkhan"]
[Result "0-1"]
[WhiteElo "2463"]
[BlackElo "2262"]
[PlyCount "96"]
[EventDate "2002.07.14"]
[Source "ChessBase"]
[SourceDate "2002.09.11"]

1. e4 d5 2. exd5 Qxd5 3. Nc3 Qa5 4. d4 e5 5. dxe5 Nc6 6. Bb5 Bd7 7. e6 fxe6 8. Bd2 O-O-O 9. Nf3 a6 10. Ba4 e5 11. Bb3 Nf6 12. O-O Bg4 13. Qe1 Bxf3 14. gxf3 Nd4 15. Kg2 Qb6 16. Bg5 Qc6 17. Ne4 Be7 18. Qe3 h6 19. Bxf6 gxf6 20. Qc3 Qe8 21. Kh1 Qh5 22. Ng3 Qh3 23. Qe3 h5 24. f4 h4 25. Ne4 Nf3 26. Be6+ Qxe6 27. Qxf3 Qc6 28. c3 exf4 29. Qxf4 Kb8 30. f3 Qb5 31. Rf2 f5 32. a4 Qd5 33. Nd2 h3 34. Qc4 Qd6 35. Nb3 Rhg8 36. Nd4 Rg2 37. Rxg2 hxg2+ 38. Kxg2 Rh8 39. Rh1 Qg6+ 40. Kf1 Rg8 41. Qe2 Bh4 42. b4 f4 43. Qc2 Qe8 44. Qd2 Qxa4 45. Ne2 Rd8 46. Qb2 Qd1+ 47. Kg2 Rg8+ 48. Ng3 Qd8 0-1

[Event "AUT-ch"]
[Site "Voitsberg"]
[Date "1995.??.??"]
[Round "10"]
[White "Wach, Markus"]
[Black "Casagrande, Harald"]
[Result "1/2-1/2"]
[WhiteElo "2380"]
[BlackElo "2340"]
[PlyCount "110"]
[EventDate "1995.??.??"]
[Source "ChessBase"]

1. e4 d5 2. exd5 Qxd5 3. Nc3 Qa5 4. d4 e5 5. dxe5 Bb4 6. Nf3 Bg4 7. Bd2 Nc6 8. Bb5 Nge7 9. a3 Bxc3 10. Bxc6+ Nxc6 11. Bxc3 Qb5 12. a4 Qc4 13. h3 Bh5 14. Qd3 Qxd3 15. cxd3 O-O-O 16. O-O-O Bxf3 17. gxf3 Nd4 18. Bxd4 Rxd4 19. Rhg1 g6 20. Rg4 Rhd8 21. Kc2 R8d5 22. Re4 Kd7 23. b4 Rxe4 24. fxe4 Rxe5 25. Rg1 Rh5 26. Rg3 f5 27. f4 c6 28. Kc3 a5 29. bxa5 fxe4 30. dxe4 Rxa5 31. Kb4 b6 32. Rd3+ Ke7 33. Rc3 Kd6 34. Rd3+ Kc7 35. Rg3 Rh5 36. Rf3 Rc5 37. Rg3 Rc1 38. f5 Rd1 39. Rg4 gxf5 40. exf5 Kd6 41. Rh4 Rf1 42. Kc4 Ke5 43. Rxh7 Rf4+ 44. Kb3 Kd4 45. Rd7+ Kc5 46. Rd3 Rxf5 47. h4 Rh5 48. Rh3 Kd4 49. Rh1 c5 50. Rc1 Kd5 51. Rd1+ Kc6 52. Rh1 Kb7 53. Rh2 Ka6 54. Rh1 Ka5 55. Kc4 Ka6 1/2-1/2

[Event "AUT Ch"]
[Site "Austria"]
[Date "1993.??.??"]
[Round "3"]
[White "Kwatschewsky, Leo"]
[Black "Casagrande, Harald"]
[Result "1/2-1/2"]
[WhiteElo "2300"]
[BlackElo "2395"]
[PlyCount "41"]
[EventDate "1993.??.??"]
[Source "www.chesslib.no"]
[SourceDate "2004.05.04"]

1. e4 d5 2. exd5 Qxd5 3. Nc3 Qa5 4. d4 e5 5. dxe5 Bb4 6. Bd2 Nc6 7. Bb5 Nge7 8. a3 Bxc3 9. Bxc6+ Nxc6 10. Bxc3 Qa4 11. Qe2 Nd4 12. Bxd4 Qxd4 13. c3 Qf4 14. Nf3 Be6 15. g3 Qa4 16. Rd1 Qc6 17. Rg1 Bg4 18. Rd3 O-O 19. h3 Bxf3 20. Qxf3 Qg6 21. Kf1 1/2-1/2

[Event "Dortmund op-A"]
[Site "Dortmund GER"]
[Date "1992.??.??"]
[Round "11"]
[White "Schumi, Manfred"]
[Black "Babar, Michael"]
[Result "1-0"]
[WhiteElo "2245"]
[BlackElo "2450"]
[PlyCount "76"]
[EventDate "1992.04.??"]
[Source "www.chesslib.no"]
[SourceDate "2004.05.04"]

1. e4 d5 2. exd5 Qxd5 3. Nc3 Qa5 4. d4 e5 5. Nf3 Bg4 6. h3 exd4 7. Qxd4 Bxf3 8. Qe3+ Be7 9. Qxf3 c6 10. Bc4 Nf6 11. O-O O-O 12. Re1 Bd6 13. Bd2 Qc7 14. Ne4 Be5 15. Qf5 Nbd7 16. Nxf6+ Bxf6 17. Rad1 Qc8 18. Bb3 Nb6 19. Qf3 c5 20. c3 Qc6 21. Qg4 Rad8 22. Bc2 Nd7 23. Bf4 b6 24. Be4 Qb5 25. Bc7 Ne5 26. Bxe5 Rxd1 27. Rxd1 Bxe5 28. Qf5 g6 29. Qxe5 Re8 30. Qd5 Qe2 31. Bf3 Qxb2 32. Qd7 Re6 33. Qd2 Qb5 34. Bd5 Re2 35. Qf4 Qe8 36. Bc4 Kg7 37. Bxe2 Qxe2 38. Qd2 Qe6 1-0

[Event "BRA Ch m"]
[Site "Brazil"]
[Date "1991.??.??"]
[Round "2"]
[White "Tsuboi, Edson Kenji"]
[Black "Correa, Aron A"]
[Result "0-1"]
[WhiteElo "2340"]
[BlackElo "2345"]
[PlyCount "72"]
[EventDate "1991.??.??"]
[Source "www.chesslib.no"]
[SourceDate "2004.05.04"]

1. e4 d5 2. exd5 Qxd5 3. Nc3 Qa5 4. d4 e5 5. Nf3 Bb4 6. Bd2 exd4 7. Qe2+ Ne7 8. Nxd4 O-O 9. a3 Nbc6 10. Nb3 Qf5 11. axb4 Qxc2 12. Qd1 Qg6 13. f3 Bf5 14. Ne4 Bxe4 15. fxe4 Qxe4+ 16. Qe2 Qc2 17. Qc4 Qxb2 18. Bc3 Qc2 19. Bd3 Qxg2 20. O-O-O Qg5+ 21. Kb1 Ng6 22. Rhg1 Qh5 23. Bxg6 hxg6 24. Rd5 Qh6 25. Rdg5 Ne7 26. Nd2 Rad8 27. Nf3 Rd6 28. Ne5 Nd5 29. Bd2 Qh3 30. R1g3 Qe6 31. Qb3 Re8 32. Kb2 f6 33. Rxg6 Qxe5+ 34. Bc3 Qe2+ 35. Kb1 Qf1+ 36. Kb2 Re2+ 0-1

[Event "TCh-Rep. Srpska, Jahorina BIH"]
[Site "?"]
[Date "2001.??.??"]
[Round "5"]
[White "Savanovic, A."]
[Black "Markovic, L."]
[Result "1-0"]
[WhiteElo "2430"]
[BlackElo "2230"]
[PlyCount "80"]
[EventDate "2001.??.??"]
[Source "www.chesslib.no"]
[SourceDate "2004.05.04"]

1. e4 d5 2. exd5 Qxd5 3. Nc3 Qa5 4. d4 e5 5. dxe5 Bb4 6. Nf3 Bg4 7. Bd2 Bxf3 8. Qxf3 Qxe5+ 9. Be2 Nc6 10. O-O-O Nge7 11. a3 Bxc3 12. Bxc3 Qg5+ 13. Kb1 O-O 14. h4 Qh6 15. Rd7 Rac8 16. Bc4 Kh8 17. g4 f6 18. Qe4 Qg6 19. Rxe7 Nxe7 20. Qxe7 Qxg4 21. Qe2 Qxe2 22. Bxe2 Rcd8 23. Bf3 c6 24. h5 h6 25. Be4 Rfe8 26. f3 Rd7 27. b4 Red8 28. Kb2 Re7 29. a4 a6 30. Kb3 Red7 31. a5 Re7 32. Rg1 Red7 33. Rg2 Re8 34. Kc4 Rf8 35. Bd4 Rfd8 36. c3 Re8 37. Kc5 Red8 38. Kb6 Rc8 39. Rg1 Rcc7 40. Bf5 Re7 1-0

[Event "HUN Team Ch"]
[Site "HUN"]
[Date "1993.??.??"]
[Round "?"]
[White "Hardicsay, Peter"]
[Black "Laszlo, Janos"]
[Result "1-0"]
[WhiteElo "2350"]
[BlackElo "2305"]
[PlyCount "75"]
[EventDate "1993.??.??"]
[Source "www.chesslib.no"]
[SourceDate "2004.05.04"]

1. e4 d5 2. exd5 Qxd5 3. Nc3 Qa5 4. d4 e5 5. Nf3 exd4 6. Nxd4 Nf6 7. Be2 c6 8. O-O Be7 9. Bf4 O-O 10. Nb3 Qf5 11. Bg3 Qg6 12. a3 Rd8 13. Bd3 Bf5 14. Re1 Re8 15. Bxf5 Qxf5 16. Re5 Qc8 17. Qe2 Bf8 18. Rxe8 Nxe8 19. Rd1 Nd7 20. h3 Nef6 21. Qf3 g6 22. Na5 Bg7 23. Nc4 Ne8 24. Ne4 Ndf6 25. Ne5 Qf5 26. Nxf6+ Nxf6 27. Qxf5 gxf5 28. Bh4 Re8 29. Nf3 Nd5 30. c4 Nb6 31. b3 h6 32. a4 a5 33. Bd8 Nc8 34. Bxa5 Kh7 35. Rd7 b6 36. Bd2 Kg8 37. Be3 Bc3 38. Nh4 1-0

[Event "Kiekrz Open"]
[Site "Kiekrz"]
[Date "1995.??.??"]
[Round "5"]
[White "Morvay, Miklos"]
[Black "Casagrande, Harald"]
[Result "1/2-1/2"]
[WhiteElo "2265"]
[BlackElo "2385"]
[PlyCount "103"]
[EventDate "1995.??.??"]
[Source "www.chesslib.no"]
[SourceDate "2004.05.04"]

1. e4 d5 2. exd5 Qxd5 3. Nc3 Qa5 4. d4 e5 5. Nf3 Bg4 6. dxe5 Bb4 7. Bd2 Nc6 8. a3 Nd4 9. Bb5+ c6 10. Bd3 Bxf3 11. gxf3 Qxe5+ 12. Kf1 Bxc3 13. Bxc3 O-O-O 14. Rg1 c5 15. f4 Qxf4 16. Qh5 Nf6 17. Qxc5+ Kb8 18. Qg5 Qxh2 19. Qg3+ Qxg3 20. Rxg3 g6 21. Re1 Rd7 22. Re7 Rhd8 23. Bxd4 Rxd4 24. Rxf7 Rf4 25. Re3 Nd5 26. Rf3 Rxf3 27. Rxf3 Kc7 28. Rf7+ Rd7 29. Rxd7+ Kxd7 30. Be4 Kd6 31. c4 Nb6 32. b3 Nd7 33. b4 b6 34. f4 Nf6 35. Bf3 h6 36. Kf2 g5 37. fxg5 hxg5 38. Ke3 g4 39. Bh1 Ke5 40. a4 Nh5 41. c5 bxc5 42. bxc5 Ng3 43. Bb7 Nf5+ 44. Kd3 g3 45. Ke2 Nd4+ 46. Ke3 Ne6 47. c6 Kd6 48. Kf3 Kc5 49. a5 Kb5 50. a6 Nc7 51. Kxg3 Nxa6 52. Bxa6+ 1/2-1/2

[Event "14.Seefeld(Casino) op"]
[Site "?"]
[Date "2003.09.13"]
[Round "1"]
[White "Fedorchuk Sergey A"]
[Black "Papp Csaba"]
[Result "1-0"]
[WhiteElo "2557"]
[BlackElo "2090"]
[PlyCount "65"]
[EventDate "2003.??.??"]
[Source "www.chesslib.no"]
[SourceDate "2004.05.04"]

1. e4 d5 2. exd5 Qxd5 3. Nc3 Qa5 4. d4 e5 5. dxe5 Nc6 6. Nf3 Bb4 7. Be2 Bf5 8. O-O Bxc3 9. bxc3 Qxc3 10. Bg5 h6 11. Bh4 g5 12. Bg3 Rd8 13. Qc1 g4 14. Nh4 Nd4 15. Re1 Bh7 16. e6 f6 17. Bxg4 Nxc2 18. Bh5+ Ke7 19. Bg6 Qxe1+ 20. Qxe1 Nxe1 21. Rxe1 Rd5 22. Bxc7 f5 23. Bf4 Kf6 24. Bf7 Ne7 25. Nf3 Nc6 26. Bxh6 Rc8 27. Bc1 b5 28. h4 a5 29. h5 Kg7 30. h6+ Kf8 31. Ng5 Bg8 32. h7 Bxh7 33. Nxh7+ 1-0

[Event "BUL Team Ch"]
[Site "Varna BUL"]
[Date "1995.??.??"]
[Round "1"]
[White "Bunis, Vassilis"]
[Black "Angelov, Kosta"]
[Result "0-1"]
[WhiteElo "2330"]
[BlackElo "2305"]
[PlyCount "78"]
[EventDate "1995.??.??"]
[Source "www.chesslib.no"]
[SourceDate "2004.05.04"]

1. e4 d5 2. exd5 Qxd5 3. Nc3 Qa5 4. d4 e5 5. Qh5 Nc6 6. Bb5 Bd7 7. Bxc6 Bxc6 8. Nge2 Bb4 9. Qg5 exd4 10. Qxg7 O-O-O 11. Qxh8 Ne7 12. Qxh7 Bxg2 13. Rg1 dxc3 14. b3 Qd5 15. Be3 Be4 16. Qh3+ f5 17. Qh6 Bxc2 18. Nd4 Bd3 19. Qe6+ Kb8 20. Qxd5 Nxd5 21. a3 Ba5 22. b4 Bb6 23. Rd1 Be4 24. Nb3 Bxe3 25. fxe3 c6 26. Nc1 Rh8 27. Kf2 Rxh2+ 28. Kg3 Rh7 29. Kf2 Rh3 30. Rge1 Rf3+ 31. Kg2 Nxe3+ 32. Kh2 Rf2+ 33. Kh3 Nc2 34. Rg1 Kc7 35. Rg7+ Kb6 36. Rdd7 c5 37. bxc5+ Kxc5 38. Rc7+ Kd4 39. Nb3+ Ke5 0-1

[Event "SVK Ch"]
[Site "Trnava SVK"]
[Date "1988.??.??"]
[Round "2"]
[White "Salai, Ladislav"]
[Black "Novak, Ivan"]
[Result "1-0"]
[WhiteElo "2340"]
[BlackElo "2290"]
[PlyCount "55"]
[EventDate "1988.??.??"]
[Source "www.chesslib.no"]
[SourceDate "2004.05.04"]

1. e4 d5 2. exd5 Qxd5 3. Nc3 Qa5 4. d4 e5 5. dxe5 Nc6 6. Nf3 Nxe5 7. Bb5+ Nd7 8. O-O c6 9. Bc4 Nb6 10. Re1+ Be7 11. Bb3 Bg4 12. Bxf7+ Kxf7 13. Re5 Nd5 14. Rxd5 cxd5 15. Ne5+ Kf8 16. Qxg4 Bf6 17. Bf4 Re8 18. Re1 Bxe5 19. Rxe5 Nf6 20. Rxe8+ Nxe8 21. Qf5+ Kg8 22. Qe6+ Kf8 23. Nxd5 Qd8 24. Bd2 g6 25. Bb4+ Kg7 26. Bc3+ Kf8 27. Bxh8 Nc7 28. Qf6+ 1-0

[Event "TCh-Rep. Srpska, Jahorina BIH"]
[Site "?"]
[Date "2001.??.??"]
[Round "9"]
[White "Dujkovic, S."]
[Black "Markovic, L."]
[Result "1-0"]
[WhiteElo "2395"]
[BlackElo "2230"]
[PlyCount "36"]
[EventDate "2001.??.??"]
[Source "www.chesslib.no"]
[SourceDate "2004.05.04"]

1. e4 d5 2. exd5 Qxd5 3. Nc3 Qa5 4. d4 e5 5. dxe5 Bb4 6. Bd2 Qxe5+ 7. Be2 Bg4 8. f4 Qe6 9. Nb5 Bxd2+ 10. Qxd2 Na6 11. Nd4 Qe4 12. O-O-O Bxe2 13. Ngxe2 O-O-O 14. Nc3 Qe7 15. Rhe1 Qc5 16. Re5 Qb6 17. Nd5 Qg6 18. Nb5 Rf8 1-0

[Event "TCh-BIH Prem"]
[Site "?"]
[Date "2005.06.08"]
[Round "5"]
[White "Milosevic Goran"]
[Black "Markovic Lazar"]
[Result "1-0"]
[WhiteElo "2401"]
[BlackElo "2195"]
[PlyCount "63"]
[EventDate "2005.??.??"]
[Source "www.chesslib.no"]
[SourceDate "2004.05.04"]

1. e4 d5 2. exd5 Qxd5 3. Nc3 Qa5 4. d4 e5 5. Nf3 Bb4 6. Bd2 exd4 7. Nb5 Nc6 8. a3 Bxd2+ 9. Qxd2 Qxd2+ 10. Kxd2 Kd8 11. Bc4 f6 12. Nbxd4 Nxd4 13. Nxd4 Ne7 14. Rad1 c6 15. Rhe1 Ng6 16. Kc3 Kc7 17. Bd3 Ne5 18. f4 Nxd3 19. Rxd3 Kb6 20. Re7 Rg8 21. Rg3 c5 22. Nf3 Bf5 23. Nh4 g6 24. Nxf5 gxf5 25. Rxg8 Rxg8 26. g3 Rg6 27. Rxh7 Kc6 28. Rh5 b5 29. b4 c4 30. a4 a6 31. axb5+ axb5 32. Kd4 1-0

[Event "8eme Open International de Creon"]
[Site "?"]
[Date "2003.08.01"]
[Round "7.13"]
[White "Jaureguiberry Cedric"]
[Black "Pujos Stephane"]
[Result "1/2-1/2"]
[WhiteElo "2200"]
[BlackElo "2338"]
[PlyCount "65"]
[EventDate "2003.??.??"]
[Source "www.chesslib.no"]
[SourceDate "2004.05.04"]

1. e4 d5 2. exd5 Qxd5 3. Nc3 Qa5 4. d4 e5 5. dxe5 Nc6 6. Bb5 Bd7 7. Bd2 O-O-O 8. Nf3 Bb4 9. Qe2 Nge7 10. O-O Bg4 11. Be3 Nxe5 12. a3 Bxc3 13. b4 Nxf3+ 14. gxf3 Bxf3 15. Qc4 Bd5 16. Qg4+ f5 17. Qe2 Bf3 18. Qc4 Bd5 19. Qe2 Bf3 20. Qc4 Rd6 21. Rfb1 Bd5 22. Qd3 Bc6 23. bxa5 Rxd3 24. Bxd3 Bxa1 25. Rxa1 a6 26. Bg5 Nd5 27. Bxf5+ Bd7 28. Bd3 h6 29. Bd2 Rf8 30. Re1 Nf4 31. Bxf4 Rxf4 32. Re4 Rxe4 33. Bxe4 1/2-1/2

[Event "It (Open) Mar Del Plata ARG"]
[Site "?"]
[Date "2006.04.09"]
[Round "2"]
[White "Duarte Leonardo"]
[Black "Gonzalez Victor"]
[Result "1-0"]
[WhiteElo "2374"]
[BlackElo "2162"]
[PlyCount "89"]
[EventDate "2006.??.??"]
[Source "www.chesslib.no"]
[SourceDate "2004.05.04"]

1. e4 d5 2. exd5 Qxd5 3. Nc3 Qa5 4. d4 e5 5. Qe2 Nc6 6. d5 Nb4 7. Nf3 f6 8. a3 Nxd5 9. Qb5+ Qxb5 10. Bxb5+ c6 11. Nxd5 Kd8 12. Bc4 cxd5 13. Bxd5 Bc5 14. b4 Ne7 15. Be4 Bd6 16. c4 Nc6 17. Bb2 Kc7 18. O-O-O Be6 19. c5 Be7 20. Bc3 a6 21. Kc2 g6 22. h4 Rhd8 23. Rxd8 Rxd8 24. h5 Bf5 25. Bxf5 gxf5 26. g3 Kd7 27. Kb3 Ke6 28. Kc4 Rd5 29. Nh4 e4 30. Ng2 Ne5+ 31. Kb3 Nd3 32. Kc2 Bf8 33. Bd2 Rd7 34. Be3 Be7 35. Rd1 Nxb4+ 36. axb4 Rc7 37. Nf4+ Kf7 38. Nd5 Rd7 39. Nxe7 Rxe7 40. Rd6 Re6 41. Rxe6 Kxe6 42. Kc3 Kd5 43. Bd4 Kc6 44. Kc4 Kc7 45. Kd5 1-0

[Event "Opatija ZNG111 4th"]
[Site "Opatija"]
[Date "2002.10.11"]
[Round "9"]
[White "Topalovic, Zlatko"]
[Black "Kljako, Damir"]
[Result "1-0"]
[WhiteElo "2272"]
[BlackElo "2263"]
[PlyCount "83"]
[EventDate "2002.10.04"]
[Source "ChessBase"]
[SourceDate "2002.11.06"]

1. e4 d5 2. exd5 Qxd5 3. Nc3 Qa5 4. d4 e5 5. dxe5 Qxe5+ 6. Be2 Bb4 7. Bd2 Bg4 8. h3 Bxe2 9. Ngxe2 Nf6 10. O-O O-O 11. a3 Ba5 12. Re1 Nc6 13. Nf4 Qf5 14. g4 Qd7 15. Re3 Rad8 16. Rd3 Qc8 17. Ncd5 Nxd5 18. Nxd5 Bxd2 19. Qxd2 Kh8 20. Rd1 Rd6 21. f4 Rfd8 22. c4 b6 23. b4 Re8 24. b5 Ne7 25. Nxe7 Rxd3 26. Qxd3 Rxe7 27. Qd8+ Re8 28. Qd5 Re6 29. Qd8+ Re8 30. Qd5 Rg8 31. f5 h6 32. Kf2 Qa8 33. Ke3 a6 34. Qxa8 Rxa8 35. a4 Kg8 36. Rd7 axb5 37. axb5 Ra3+ 38. Ke4 Rxh3 39. Kd5 Rg3 40. Rxc7 Rxg4 41. c5 bxc5 42. b6 1-0

[Event "CHI-ch"]
[Site "Vina del Mar"]
[Date "1997.??.??"]
[Round "8"]
[White "Farias, Luis"]
[Black "Varas Gonzalez, Carlos"]
[Result "0-1"]
[WhiteElo "2215"]
[BlackElo "2295"]
[PlyCount "62"]
[EventDate "1997.03.17"]
[Source "ChessBase"]
[SourceDate "1997.07.29"]

1. e4 d5 2. exd5 Qxd5 3. Nc3 Qa5 4. d4 e5 5. Nf3 Bg4 6. Be2 Nc6 7. Nxe5 Bxe2 8. Nxc6 Qxc3+ 9. bxc3 Bxd1 10. Kxd1 bxc6 11. Rb1 Nf6 12. Re1+ Kd7 13. c4 c5 14. c3 Bd6 15. h3 Rab8 16. Rb3 Rxb3 17. axb3 Re8 18. Be3 Kc6 19. Kc2 Bf4 20. b4 Bxe3 21. fxe3 cxd4 22. cxd4 a6 23. Kd3 Rb8 24. Ra1 Rxb4 25. Rxa6+ Kd7 26. Ra2 Rb3+ 27. Ke2 Rc3 28. Ra4 Ne4 29. g4 Nd6 30. Kd2 Rxc4 31. Ra8 Ne8 0-1

[Event "Zalaegerszeg"]
[Site "?"]
[Date "1988.??.??"]
[Round "?"]
[White "Krylov, S."]
[Black "Novak, I."]
[Result "1/2-1/2"]
[WhiteElo "2205"]
[BlackElo "2290"]
[PlyCount "61"]
[EventDate "1988.??.??"]
[Source "ChessBase"]
[SourceDate "1988.01.01"]

1. e4 d5 2. exd5 Qxd5 3. Nc3 Qa5 4. d4 e5 5. Nf3 Bg4 6. Be2 Nc6 7. O-O O-O-O 8. Nxe5 Bxe2 9. Qxe2 Nxd4 10. Qe3 Nh6 11. Qh3+ f5 12. Bf4 Ne6 13. Bxh6 Qxe5 14. Rfe1 Qf6 15. Be3 g5 16. Bxa7 Nf4 17. Qf3 Bd6 18. Nb5 g4 19. Qb3 b6 20. Qa4 Kb7 21. Rad1 Be5 22. Bb8 Rxb8 23. Qa7+ Kc6 24. Rxe5 Qxe5 25. Nd4+ Qxd4 26. Rxd4 Ne2+ 27. Kf1 Nxd4 28. Qa4+ Kd5 29. Qd7+ Ke5 30. Qxc7+ Kf6 31. f4 1/2-1/2

[Event "BUL-chT"]
[Site "Pamporovo"]
[Date "2001.10.06"]
[Round "5"]
[White "Angelov, Angel"]
[Black "Angelov, Kosta"]
[Result "1-0"]
[WhiteElo "2200"]
[BlackElo "2292"]
[PlyCount "51"]
[EventDate "2001.10.03"]
[Source "ChessBase"]
[SourceDate "2001.10.26"]

1. e4 d5 2. exd5 Qxd5 3. Nc3 Qa5 4. d4 e5 5. dxe5 Nc6 6. Bb5 Bd7 7. Nf3 O-O-O 8. O-O Bg4 9. Bd2 Nxe5 10. Be2 Bxf3 11. gxf3 Nf6 12. f4 Ng6 13. Bd3 Nh4 14. Ne4 Qd5 15. f3 Nh5 16. Qe1 Be7 17. Rd1 f5 18. Nc3 Qf7 19. Kh1 Rhe8 20. Qf2 Kb8 21. Nb5 b6 22. Nd4 Rxd4 23. Qxd4 Qg6 24. Qf2 Qc6 25. Rde1 h6 26. Rxe7 1-0

[Event "It (open)"]
[Site "Taby (Sweden)"]
[Date "2007.08.04"]
[Round "1"]
[White "Wang Yu A"]
[Black "Bartkowiak Damian (POL)"]
[Result "1-0"]
[WhiteElo "2384"]
[BlackElo "2098"]
[PlyCount "55"]
[EventDate "2007.??.??"]
[Source "www.chesslib.no"]
[SourceDate "2004.05.04"]

1. e4 d5 2. exd5 Qxd5 3. Nc3 Qa5 4. d4 e5 5. Qe2 Nc6 6. Nf3 Bg4 7. d5 Nb4 8. Qxe5+ Ne7 9. Bb5+ c6 10. dxc6 bxc6 11. Ba4 Qxe5+ 12. Nxe5 Bf5 13. Kd1 f6 14. Nc4 O-O-O+ 15. Bd2 Rd4 16. Ne3 g6 17. Ne2 Rh4 18. g3 Nd3 19. gxh4 Nxb2+ 20. Kc1 Nxa4 21. Nc3 Nc5 22. Re1 Be4 23. Nc4 Bd5 24. Nd6+ Kd7 25. Nde4 Bxe4 26. Nxe4 Nd5 27. Rb1 Nb6 28. Nxf6+ 1-0